| 000 | 01854cam a22005054i 4500 | ||
|---|---|---|---|
| 003 | PE-LiUPU | ||
| 005 | 20260203121842.0 | ||
| 008 | 150617s1966 miu r 000 0 spa d | ||
| 035 | _a(Sirsi) a12776 | ||
| 040 |
_aPE-LiUPU _bspa _cPE-LiUPU _erda |
||
| 049 | _aPRUA | ||
| 082 | 0 | 4 |
_a234 _bW26 _221 |
| 100 | 1 |
_aWarfield, Benjamin, _eautor. |
|
| 245 | 1 | 3 |
_aEl plan de la salvación / _cBenjamin Warfield. |
| 264 | 1 |
_aMichigan : _bTell, _c1966. |
|
| 300 |
_a95 páginas ; _c20 centímetros |
||
| 336 |
_atext _2rdacontent |
||
| 337 |
_aunmediated _2rdamedia |
||
| 338 |
_avolume _2rdacarrier |
||
| 504 | _aIncluye bibliografía. | ||
| 505 | 0 | _aConcepciones diferentes -- El autosoterismo -- El sacerdotismo -- El universalismo -- El calvinismo. | |
| 526 | _aSEG42 | ||
| 526 | _aSEG41 | ||
| 526 | _aSEG40 | ||
| 526 | _aSEG39 | ||
| 526 | _aP94 | ||
| 526 | _aP87 | ||
| 526 | _aP86 | ||
| 526 | _aP85 | ||
| 526 | _aP77 | ||
| 526 | _aP76 | ||
| 526 | _aP35 | ||
| 650 | 0 | 0 |
_aSalvación _9870 |
| 650 | 0 | 4 | _aSANTIFICACION. |
| 910 |
_ajck _bjvq _cjck _d20150616 |
||
| 942 |
_2ddc _cBOOK |
||
| 949 |
_a234 W26 _wDEWEY _c1 _i21118 _lCCODEBUL1 _mBUL _p20.00 _r0 _sY _tBOOK _u19820920 _xTEOLOGIA _PP35 _0COMPRA _o.STAFF. Colección Teología |
||
| 949 |
_a234 W26 _wDEWEY _c2 _i20904 _lCCODEBUL1 _mBUL _p20.00 _r0 _sY _tBOOK _u19820920 _xTEOLOGIA _PP35 _0COMPRA _o.STAFF. Colección Teología |
||
| 994 |
_aC0 _bPEPRU |
||
| 596 | _a1 | ||
| 999 |
_a234 W26 _wDEWEY _c3071 _i21118 _lDISCARD _mBUL _r0 _sY _tBOOK _u2015-6-17 _xTEOLOGIA _PP35 _0COMPRA _o.STAFF. Colección general _d3071 |
||
| 999 |
_a234 W26 _wDEWEY _c2 _i20904 _d2019-4-30 _e2016-11-10 _f2021-11-10 _g5 _lCCODEBUL1 _mBUL _n3 _p20.00 _q3 _r0 _sY _tBOOK _u2015-6-17 _xTEOLOGIA _PP35 _0COMPRA _o.STAFF. Colección Teología |
||
| 980 |
_818226 _gJaime Vilcazán Jefe de Análisis Documental |
||